000
00263nam a22001097a 4500
082
_a
621.395 BRA'C
100
_a
BRAYTON, JACK
_9
79593
245
_a
COMPUTERS SELF TAUGHT THROUGH EXPERIMENTS
260
_a
SLOUGH
_b
W.FOULSHAM
_c
1967
300
_a
192P
942
_c
BK
999
_c
584617
_d
584617